Damso - Chansons de l'album Ipséité - Statistiques

Statistiques générales
  • Ce quiz a été pris 196 fois
  • Le résultat moyen est 9 sur 14
Statistiques - réponses
Hint Réponse % Correct
Ipséité 8 Θ. Macarena
91%
Ipséité 3 Γ. Mosaïque solitaire
80%
Ipséité 6 Ζ. Kietu
76%
Ipséité 4 Δ. Dieu ne ment jamais
75%
Ipséité 1 Α. Nwaar Is The New Black
70%
Ipséité 10 Κ. Kin la belle
67%
Ipséité 5 Ε. Signaler
66%
Ipséité 14 Ξ. Une âme pour deux
66%
Ipséité 11 Λ. Lové
63%
Ipséité 9 Ι. Peur d'être père (feat. Youri Botterman)
63%
Ipséité 13 N. J Respect R
61%
Ipséité 7 Η. Gova
60%
Ipséité 12 Μ. Noob Saibot
56%
Ipséité 2 B. #QuedusaalVie
52%
Aucun quiz correspondant
Distribution des résultats
% des personnes avec chaque résultat
Percentile par nombre de réponses
Votre historique - résultats
Vous n’avez pas pris ce quiz